<?xml version="1.0" encoding="UTF-8"?><?xml-stylesheet type="text/xsl" href="static/style.xsl"?><OAI-PMH xmlns="http://www.openarchives.org/OAI/2.0/" xmlns:xsi="http://www.w3.org/2001/XMLSchema-instance" xsi:schemaLocation="http://www.openarchives.org/OAI/2.0/ http://www.openarchives.org/OAI/2.0/OAI-PMH.xsd"><responseDate>2026-04-14T06:16:26Z</responseDate><request verb="GetRecord" identifier="oai:www.recercat.cat:10459.1/469823" metadataPrefix="marc">https://recercat.cat/oai/request</request><GetRecord><record><header><identifier>oai:recercat.cat:10459.1/469823</identifier><datestamp>2026-03-23T19:37:14Z</datestamp><setSpec>com_2072_3622</setSpec><setSpec>col_2072_479130</setSpec></header><metadata><record xmlns="http://www.loc.gov/MARC21/slim" xmlns:dcterms="http://purl.org/dc/terms/" xmlns:xsi="http://www.w3.org/2001/XMLSchema-instance" xmlns:doc="http://www.lyncode.com/xoai" xsi:schemaLocation="http://www.loc.gov/MARC21/slim http://www.loc.gov/standards/marcxml/schema/MARC21slim.xsd">
   <leader>00925njm 22002777a 4500</leader>
   <datafield ind2=" " ind1=" " tag="042">
      <subfield code="a">dc</subfield>
   </datafield>
   <datafield ind2=" " ind1=" " tag="720">
      <subfield code="a">Barber Blasco, Alberto</subfield>
      <subfield code="e">author</subfield>
   </datafield>
   <datafield ind2=" " ind1=" " tag="260">
      <subfield code="c">2025-12-30</subfield>
   </datafield>
   <datafield ind2=" " ind1=" " tag="520">
      <subfield code="a">Estudi de diferents aspectes relacionats amb la justícia municipal de la ciutat de València. A partir de l’anàlisi dels registres econòmics del Justícia Criminal, complementades amb la documentació municipal i literària, presentem una aproximació al nombre de càstigs públics realitzats durant la primera meitat del segle XV. Es donen possibles respostes als pics anuals d’aplicació de sentències, s’examinen i identifiquen les tipologies punitives més aplicades, les causes que s’atribuïren, els espais on es realitzaren i els llocs on els condemnats foren exposats. A partir d’episodis concrets, s’analitzen les diferents pautes d’acció de la cort criminal, els temps en fer efectiu els processos de cerca, captura i execució dels delinqüents, així com alguns dels seus recorreguts geogràfics. Es posen de relleu tant els xocs, obstaculitzacions i superposicions entre els diferents tribunals per una banda i, per altra banda, els episodis de col·laboració i cooperació dels mateixos. Finalment, s’hi inclou un quadre en l’apèndix amb la identificació de tots aquells individus que foren castigats durant la primera meitat del segle XV.</subfield>
   </datafield>
   <datafield ind2=" " ind1=" " tag="520">
      <subfield code="a">This is a study of different aspects related to municipal justice in the city of Valencia. Based on an analysis of the economic records of Criminal Justice, and complemented with municipal and literary documentation, an estimate of the number of public punishments carried out during the first half of the fifteenth century is presented. Possible explanations for the annual peaks in the application of sentences are given; similarly, the most commonly applied types of punishment, the causes that were attributed, the spaces where they were carried out, and the places where the condemned were exposed are examined and identified. Based on specific episodes, the different stages in the activity of the criminal court, the time required to search for, capture and execute criminals, as well as some of the geographical routes followed, are all analysed. The clashes, obstacles and overlaps between the different courts as well as the episodes of collaboration and cooperation between them are highlighted. Finally, an appendix is included with the identification of all those individuals who were punished during the first half of the fifteenth century.</subfield>
   </datafield>
   <datafield ind2=" " ind1=" " tag="520">
      <subfield code="a">Aquest article s’emmarca dins la borsa d’estudis "Països Catalans" atorgada per l’Institut d’Estudis Catalans, vinculada amb el projecte "Els crims a la ciutat: la criminalitat urbana a la Corona d’Aragó durant la Baixa Edat Mitjana"; i dins dels projectes "Mercados, instituciones e integración económica en el Mediterráneo Occidental (siglos XIII-XVI)", ref. PID2021128038NB-I00 del Ministerio de Ciencia e Innovación; "Rompiendo jerarquías. Movilidad social, dinamismo económico y desarrollo institucional en el Mediterráneo Occidental (siglos XIII- XVI)", ref. CIPROM/2022/46 de la Generalitat Valenciana; "Más allá de la Peste Negra. Epidemias y crisis de mortalidad en el nordeste peninsular, siglos XI-XVI: reconstrucción de ciclos, medición de efectos y análisis de respuestas - EPIDEMED", ref. PID2020-117839GB-I00; i en el si del grup d’investigació "ARQHISTEC - Economies alimentàries i dinàmiques de població a la Mediterrània occidental: grup d’arqueologia i història de les societats premodernes" (2021 SGR 01607).</subfield>
   </datafield>
   <datafield ind1="8" ind2=" " tag="024">
      <subfield code="a">https://hdl.handle.net/10459.1/469823</subfield>
   </datafield>
   <datafield tag="653" ind2=" " ind1=" ">
      <subfield code="a">Justícia medieval</subfield>
   </datafield>
   <datafield tag="653" ind2=" " ind1=" ">
      <subfield code="a">València</subfield>
   </datafield>
   <datafield tag="653" ind2=" " ind1=" ">
      <subfield code="a">Criminalitat</subfield>
   </datafield>
   <datafield tag="653" ind2=" " ind1=" ">
      <subfield code="a">Càstigs medievals</subfield>
   </datafield>
   <datafield tag="653" ind2=" " ind1=" ">
      <subfield code="a">Segle XV</subfield>
   </datafield>
   <datafield tag="653" ind2=" " ind1=" ">
      <subfield code="a">Medieval Justice</subfield>
   </datafield>
   <datafield tag="653" ind2=" " ind1=" ">
      <subfield code="a">Valencia</subfield>
   </datafield>
   <datafield tag="653" ind2=" " ind1=" ">
      <subfield code="a">Criminality</subfield>
   </datafield>
   <datafield tag="653" ind2=" " ind1=" ">
      <subfield code="a">Medieval punishments</subfield>
   </datafield>
   <datafield tag="653" ind2=" " ind1=" ">
      <subfield code="a">Fifteenth century</subfield>
   </datafield>
   <datafield ind2="0" ind1="0" tag="245">
      <subfield code="a">A exemple e terror dels altres: perseguits i castigats públicament per la justícia en la València del segle d’or (1400-1449)</subfield>
   </datafield>
   <datafield ind2="0" ind1="0" tag="245">
      <subfield code="a">A exemple e terror dels altres: persecuted and publicly punished by justice in Golden Age Valencia (1400-1449)</subfield>
   </datafield>
</record></metadata></record></GetRecord></OAI-PMH>